[Event "ENCI Limburg-open C"]
[Site "Maastricht"]
[Date "2009.05.31"]
[Round "5"]
[White "Haitsma, Henk"]
[Black "Reyskens, Jules"]
[Result "1/2-1/2"]
[WhiteElo "1673"]
[BlackElo "1642"]
[PlyCount "35"]
[EventDate "2009.05.29"]
[EventType "swiss"]
[EventRounds "7"]
[EventCountry "NED"]
[Source "P.Boonen"]
[SourceDate "2010.01.01"]

1. d4 d5 2. c4 c6 3. Nc3 e5 4. dxe5 d4 5. Ne4 Qa5+ 6. Nd2 Nd7 7. Ngf3 c5 8. g3
Ne7 9. Bg2 Ng6 10. O-O Ndxe5 11. Nxe5 Nxe5 12. Qc2 Be7 13. Nf3 Nxf3+ 14. Bxf3
O-O 15. Bf4 Qb6 16. Be4 g6 17. Be5 Bf6 18. Bxf6 1/2-1/2

[Event "ENCI Limburg-open C"]
[Site "Maastricht"]
[Date "2009.05.31"]
[Round "5"]
[White "Heijltjes, Thijs"]
[Black "Keetman, Dennis"]
[Result "0-1"]
[WhiteElo "1450"]
[BlackElo "1675"]
[PlyCount "90"]
[EventDate "2009.05.29"]
[EventType "swiss"]
[EventRounds "7"]
[EventCountry "NED"]
[Source "P.Boonen"]
[SourceDate "2010.01.01"]

1. e4 d5 2. exd5 Nf6 3. Nf3 Nxd5 4. d3 Nc6 5. Bd2 e5 6. Be2 Bc5 7. O-O Bg4 8.
Ng5 Bxe2 9. Qxe2 Qe7 10. Ne4 Nd4 11. Qd1 Bb6 12. c3 Ne6 13. Na3 Ndf4 14. Be3 f5
15. Ng3 Qg5 16. Nc4 Bxe3 17. fxe3 Nd5 18. Qh5+ Qxh5 19. Nxh5 g6 20. Ng3 f4 21.
Ne4 O-O-O 22. Nxe5 Nxe3 23. Nf7 Nxf1 24. Nxd8 Rxd8 25. Kxf1 Rxd3 26. Nf2 Rd2
27. Rb1 g5 28. Ne4 Rc2 29. Nf6 Kd8 30. Rd1+ Ke7 31. Nd5+ Kf7 32. Rb1 a5 33. Kg1
Rd2 34. c4 b5 35. b3 c6 36. Nc3 b4 37. Ne4 Rxa2 38. Rd1 Rb2 39. Rd7+ Kg6 40.
Ra7 Rxb3 41. Rxa5 Rb1+ 42. Kf2 Rc1 43. Ra2 b3 44. Rd2 Rc2 45. Ke1 b2 0-1

[Event "ENCI Limburg-open C"]
[Site "Maastricht"]
[Date "2009.05.31"]
[Round "5"]
[White "Ingelaere, Tijl"]
[Black "Tutenel, Eric"]
[Result "0-1"]
[WhiteElo "1448"]
[BlackElo "1674"]
[PlyCount "170"]
[EventDate "2009.05.29"]
[EventType "swiss"]
[EventRounds "7"]
[EventCountry "NED"]
[Source "P.Boonen"]
[SourceDate "2010.01.01"]

1. e4 e5 2. Nf3 Nc6 3. Bb5 a6 4. Ba4 Nf6 5. O-O b5 6. Bb3 Be7 7. d3 d6 8. c3
O-O 9. Be3 Bg4 10. h3 Bh5 11. Nbd2 Na5 12. Qc2 Nxb3 13. axb3 c5 14. Ra2 Qc7 15.
Rfa1 a5 16. c4 b4 17. Nh4 Nxe4 18. dxe4 Bxh4 19. g4 Bg6 20. Nf3 Bd8 21. Ne1 Qd7
22. f3 h5 23. Qf2 hxg4 24. hxg4 Qe7 25. Ng2 Kh7 26. Kf1 Rh8 27. Qg1 Kg8 28. Ke2
Kf8 29. Bf2 Qf6 30. Qe1 Rh3 31. Bg3 Ke8 32. Qf2 Kd7 33. Rd1 Kc6 34. Raa1 Be7
35. Rh1 Rxh1 36. Rxh1 a4 37. Qe3 a3 38. Qd2 Qe6 39. bxa3 Rxa3 40. Qb2 Qc8 41.
Ra1 Qa6 42. Rxa3 Qxa3 43. Qc2 Bg5 44. Bh4 Bxh4 45. Nxh4 Bh7 46. Qd2 Kc7 47. Qd5
Qb2+ 48. Kf1 Qxb3 49. Qxf7+ Kb6 50. Qd5 Qb1+ 51. Kg2 Qb2+ 52. Kg3 Qd4 53. Qa8
Qxc4 54. Qd8+ Kb5 55. Qd7+ Ka5 56. Qxd6 b3 57. Qxe5 Qd4 58. Qc7+ Kb4 59. Qb6+
Kc3 60. Qa5+ Kc2 61. Qe1 Qd2 62. Qg1 c4 63. Ng2 b2 64. Qc5 b1=Q 65. Qxc4+ Kb2
66. Qb5+ Ka1 67. Qe5+ Qbb2 68. Qxb2+ Qxb2 69. Nh4 Qc3 70. Nf5 Bxf5 71. gxf5
Qe5+ 72. Kg4 Kb2 73. f4 Qxe4 74. Kg5 Qe7+ 75. Kg6 Qf6+ 76. Kh7 Kc3 77. Kg8 Kd4
78. Kh7 Ke4 79. Kg8 Kxf4 80. Kh7 Kxf5 81. Kg8 g5 82. Kh7 g4 83. Kg8 g3 84. Kh7
g2 85. Kg8 g1=Q+ 0-1

[Event "ENCI Limburg-open C"]
[Site "Maastricht"]
[Date "2009.05.31"]
[Round "5"]
[White "Keetman, Maaike"]
[Black "Roemhild, Wolfgang"]
[Result "1/2-1/2"]
[WhiteElo "1341"]
[BlackElo "1648"]
[PlyCount "221"]
[EventDate "2009.05.29"]
[EventType "swiss"]
[EventRounds "7"]
[EventCountry "NED"]
[Source "P.Boonen"]
[SourceDate "2010.01.01"]

1. e4 e5 2. Nf3 Nc6 3. d4 exd4 4. Nxd4 Bc5 5. Be3 Bb6 6. Bc4 Nf6 7. Nc3 O-O 8.
O-O Ne5 9. Bb3 c6 10. Bf4 Bc7 11. Bxe5 Bxe5 12. Re1 d5 13. exd5 Bxh2+ 14. Kxh2
Ng4+ 15. Kg1 Qh4 16. Qf3 Qh2+ 17. Kf1 Bd7 18. dxc6 bxc6 19. Rad1 Qh1+ 20. Ke2
Rae8+ 21. Kd2 Qh6+ 22. Re3 Nxe3 23. fxe3 c5 24. Nde2 Bc6 25. Qf2 Re7 26. Ng3
Qg6 27. Rf1 Rd8+ 28. Kc1 Be8 29. Nd5 Red7 30. Nf5 Kf8 31. e4 Qg5+ 32. Kb1 g6
33. Qxc5+ Kg8 34. Nde7+ Kh8 35. Nxg6+ Qxg6 36. Qf8+ Qg8 37. Qxg8+ Kxg8 38. c3
Rd2 39. g4 Re2 40. Bd5 Rb8 41. b3 a5 42. Ng3 Re3 43. Nh5 Rxc3 44. Nf6+ Kg7 45.
Nh5+ Kg6 46. Rf5 a4 47. Nf4+ Kg7 48. Rg5+ Kf6 49. Rf5+ Ke7 50. Kb2 Rg3 51. g5
axb3 52. axb3 Rg1 53. Bc4 Rh1 54. Nd5+ Kf8 55. Nf6 Kg7 56. e5 Rh2+ 57. Kc3 Rh3+
58. Kd4 h5 59. gxh6+ Kxh6 60. Nxe8 Rxe8 61. Bxf7 Rd8+ 62. Kc5 Rc3+ 63. Kb4 Rc7
64. e6 Kg7 65. Rc5 Rb7+ 66. Rb5 Ra7 67. Kc5 Kf6 68. Kc6 Ke7 69. Rb7+ Rxb7 70.
Kxb7 Rd4 71. Kc6 Rb4 72. Kd5 Rxb3 73. Kc4 Rb7 74. Kd5 Rb5+ 75. Kc4 Ra5 76. Kb4
Rg5 77. Kc4 Kd6 78. Kd4 Re5 79. Kc4 Kc6 80. Kd4 Re1 81. Kd3 Kc5 82. Kd2 Re5 83.
Kd3 Rd5+ 84. Kc3 Re5 85. Kd3 Kd6 86. Kd4 Ra5 87. Ke4 Ra4+ 88. Kf5 Ke7 89. Ke5
Ra5+ 90. Kd4 Kf6 91. Ke4 Re5+ 92. Kd4 Kf5 93. Kd3 Kf6 94. Kd4 Re1 95. Kd3 Kf5
96. Kd4 Rd1+ 97. Kc3 Kf6 98. Kc4 Ke7 99. Kc5 Rd2 100. Kc4 Kd6 101. Kc3 Rd1 102.
Kc2 Rd5 103. Kc3 Rg5 104. Kc4 Rg4+ 105. Kd3 Ke7 106. Ke3 Kf6 107. Kf3 Rh4 108.
Kg3 Rd4 109. Kf3 Rb4 110. Ke3 Kf5 111. Kd3 1/2-1/2

[Event "ENCI Limburg-open C"]
[Site "Maastricht"]
[Date "2009.05.31"]
[Round "5"]
[White "Kerssemakers, Frans"]
[Black "De Ridder, Naomi"]
[Result "0-1"]
[WhiteElo "1609"]
[BlackElo "1400"]
[PlyCount "80"]
[EventDate "2009.05.29"]
[EventType "swiss"]
[EventRounds "7"]
[EventCountry "NED"]
[Source "P.Boonen"]
[SourceDate "2010.01.01"]

1. d4 d5 2. c4 Nc6 3. Nc3 dxc4 4. e3 e5 5. d5 Nce7 6. e4 f5 7. f3 Nf6 8. Bxc4
fxe4 9. fxe4 c6 10. Bg5 Qa5 11. Bxf6 gxf6 12. Qf3 f5 13. Nge2 cxd5 14. exd5 Ng6
15. Bb3 Bb4 16. O-O-O Bxc3 17. Nxc3 Qc5 18. Rhe1 e4 19. d6 Be6 20. Qe3 Qxe3+
21. Rxe3 Bxb3 22. axb3 Kd7 23. Kb1 Rhf8 24. g3 Rf6 25. Rd5 a6 26. Na4 Kc6 27.
Nc3 Rd8 28. b4 Rdxd6 29. Rc5+ Kd7 30. Nd5 Rfe6 31. Rc7+ Kd8 32. Rc5 b6 33. Nxb6
Rxb6 34. Rxf5 Rxb4 35. Rd5+ Ke7 36. Rc3 e3 37. Rc7+ Kf6 38. Rd1 e2 39. Re1 Rbe4
40. Rxh7 Ne5 0-1

[Event "ENCI Limburg-open C"]
[Site "Maastricht"]
[Date "2009.05.31"]
[Round "5"]
[White "Lenders, Raoul"]
[Black "Elisen, Peter"]
[Result "0-1"]
[WhiteElo "1652"]
[BlackElo "1621"]
[PlyCount "82"]
[EventDate "2009.05.29"]
[EventType "swiss"]
[EventRounds "7"]
[EventCountry "NED"]
[Source "P.Boonen"]
[SourceDate "2010.01.01"]

1. e4 c5 2. c3 Nf6 3. e5 Nd5 4. d4 cxd4 5. cxd4 e6 6. Nf3 Bb4+ 7. Bd2 Bxd2+ 8.
Qxd2 Nc6 9. Nc3 Nxc3 10. bxc3 O-O 11. Bd3 f6 12. exf6 Qxf6 13. O-O d5 14. Rae1
Bd7 15. Ne5 Nxe5 16. Rxe5 Qf4 17. Qc2 Qh6 18. Qe2 Qf6 19. Qc2 g6 20. Qb3 Bc6
21. f3 a6 22. Rfe1 Rae8 23. c4 Kf7 24. Qb6 Re7 25. cxd5 Bxd5 26. a3 Rfe8 27.
Bc2 Rc8 28. Be4 Rc6 29. Qb4 Rc4 30. Qb6 Rc6 31. Qb4 Bxe4 32. fxe4 Rec7 33. Qb1
Qg7 34. Qb3 Rc4 35. Qb6 R4c6 36. Qb3 b5 37. Rf1+ Ke7 38. Qb4+ Ke8 39. Rc5 a5
40. Qxa5 Qxd4+ 41. Kh1 Rxc5 0-1

[Event "ENCI Limburg-open C"]
[Site "Maastricht"]
[Date "2009.05.31"]
[Round "5"]
[White "Liston, Mike"]
[Black "Heman, Frans"]
[Result "0-1"]
[WhiteElo "1670"]
[BlackElo "1538"]
[PlyCount "90"]
[EventDate "2009.05.29"]
[EventType "swiss"]
[EventRounds "7"]
[EventCountry "NED"]
[Source "P.Boonen"]
[SourceDate "2010.01.01"]

1. e4 e6 2. d4 c5 3. Nf3 cxd4 4. Nxd4 a6 5. Nc3 b5 6. a3 Bb7 7. Bd3 Nc6 8. Be3
Be7 9. f4 d6 10. Qg4 Nf6 11. Qxg7 Rg8 12. Qh6 Rg6 13. Qh3 Qd7 14. O-O-O O-O-O
15. e5 dxe5 16. fxe5 Nxe5 17. Bxg6 hxg6 18. Nf5 Qc7 19. Nxe7+ Qxe7 20. Rxd8+
Qxd8 21. Rd1 Nd5 22. Nxd5 Bxd5 23. Bf4 Nc4 24. Qc3 Kb7 25. g3 Qc8 26. b3 Nb6
27. Qxc8+ Nxc8 28. c4 bxc4 29. bxc4 Bc6 30. Kb2 Nb6 31. Kc3 Na4+ 32. Kd4 Kc8
33. Ke5 Nc3 34. Rd3 Ne4 35. Rd4 Nf2 36. Kf6 Ng4+ 37. Ke7 e5 38. Rd8+ Kc7 39. h3
exf4 40. hxg4 fxg3 41. Rd3 g2 42. Rd1 f5 43. gxf5 gxf5 44. Ke6 f4 45. Kf5 f3
0-1

[Event "ENCI Limburg-open C"]
[Site "Maastricht"]
[Date "2009.05.31"]
[Round "5"]
[White "Maessen, Roy"]
[Black "Van Herck, Raf"]
[Result "0-1"]
[WhiteElo "1394"]
[BlackElo "1625"]
[PlyCount "94"]
[EventDate "2009.05.29"]
[EventType "swiss"]
[EventRounds "7"]
[EventCountry "NED"]
[Source "P.Boonen"]
[SourceDate "2010.01.01"]

1. d4 d5 2. Nf3 c6 3. e3 Bg4 4. Be2 Nd7 5. Ng1 Bxe2 6. Nxe2 e5 7. dxe5 Nxe5 8.
f4 Nc4 9. b3 Nd6 10. O-O Ne4 11. Nbc3 Ngf6 12. h3 Bb4 13. Bb2 O-O 14. a3 Bc5
15. Qd3 Re8 16. Nd4 Nxc3 17. Bxc3 Ne4 18. Bb2 Qd7 19. b4 Bb6 20. a4 Bd8 21. Nf3
Bf6 22. Bxf6 Nxf6 23. Ne5 Qe7 24. c3 Ne4 25. Rf3 f6 26. Ng4 Rad8 27. Re1 h5 28.
Nf2 f5 29. Qd4 b6 30. Nxe4 dxe4 31. Qc4+ Qe6 32. Qxe6+ Rxe6 33. Rf2 Rd3 34. Rc2
Red6 35. Kf2 Rd2+ 36. Re2 Rxc2 37. Rxc2 Kf7 38. Ke2 Ke6 39. Rd2 Rxd2+ 40. Kxd2
Kd5 41. Kc2 Kc4 42. h4 g6 43. g3 a6 44. Kb2 Kd3 45. Kb3 b5 46. a5 Kxe3 47. c4
Kd3 0-1

[Event "ENCI Limburg-open C"]
[Site "Maastricht"]
[Date "2009.05.31"]
[Round "5"]
[White "Mohamedjoesoef, Rafiek"]
[Black "Van Herck, Rob"]
[Result "0-1"]
[WhiteElo "1664"]
[BlackElo "1535"]
[PlyCount "136"]
[EventDate "2009.05.29"]
[EventType "swiss"]
[EventRounds "7"]
[EventCountry "NED"]
[Source "P.Boonen"]
[SourceDate "2010.01.01"]

1. e4 d5 2. exd5 Nf6 3. d4 Nxd5 4. c4 Nb6 5. Nf3 Bg4 6. Be2 e6 7. O-O Nc6 8. b3
g6 9. Bg5 Be7 10. Bxe7 Qxe7 11. c5 Nd5 12. Bb5 Qd7 13. a3 a6 14. Ba4 b5 15.
cxb6 Nxb6 16. Nc3 Nxa4 17. Nxa4 O-O 18. h3 Bxf3 19. Qxf3 Nxd4 20. Qd3 Rfd8 21.
Rfd1 Qe7 22. Qc4 Nb5 23. Qc5 Qxc5 24. Nxc5 Rxd1+ 25. Rxd1 Nxa3 26. Rd7 Nb5 27.
Nd3 Ra7 28. b4 Kf8 29. Ne5 Nd6 30. Rd8+ Kg7 31. g4 Rb7 32. g5 Rxb4 33. Ng4 Nc4
34. f4 h5 35. gxh6+ Kh7 36. Rd7 Nd6 37. Rxc7 Rxf4 38. Ra7 Ra4 39. Kg2 Ra3 40.
h4 a5 41. Rd7 Rd3 42. Ra7 Rd4 43. Kf3 a4 44. Ra6 Nf5 45. Ra7 Nxh6 46. Nf6+ Kg7
47. Ne8+ Kf8 48. Ra8 Rxh4 49. Nd6+ Ke7 50. Ne4 a3 51. Ra7+ Kf8 52. Ng5 Rg4 53.
Nxf7 Rh4 54. Ne5 Rh3+ 55. Kf4 Rb3 56. Kg5 Rb5 57. Kf6 Ng8+ 58. Kxe6 Rb6+ 59.
Kd5 Ne7+ 60. Kc5 Rb3 61. Kc4 Re3 62. Nd7+ Kf7 63. Nb6 Kf6 64. Nd7+ Kf5 65. Nc5
Nc6 66. Ra6 Ne5+ 67. Kd4 Rh3 68. Ne4 Rd3+ 0-1

[Event "ENCI Limburg-open C"]
[Site "Maastricht"]
[Date "2009.05.31"]
[Round "5"]
[White "Mohr, Markus"]
[Black "Weerts, Rene"]
[Result "1-0"]
[WhiteElo "1671"]
[BlackElo "1556"]
[PlyCount "87"]
[EventDate "2009.05.29"]
[EventType "swiss"]
[EventRounds "7"]
[EventCountry "NED"]
[Source "P.Boonen"]
[SourceDate "2010.01.01"]

1. e4 g6 2. Nf3 d6 3. g3 Nc6 4. Bg2 Bg4 5. c3 Ne5 6. d4 Nxf3+ 7. Bxf3 Bh3 8.
Nd2 h5 9. Qb3 Qc8 10. e5 Rb8 11. Ne4 Be6 12. Qd1 d5 13. Nc5 c6 14. Nxe6 Qxe6
15. h4 f5 16. Be2 Bh6 17. f4 Qd7 18. a4 e6 19. b4 Ne7 20. b5 O-O 21. Rb1 Rfc8
22. Ba3 cxb5 23. Rxb5 Rxc3 24. Bc5 b6 25. Qd2 a6 26. Rb1 Rxc5 27. dxc5 Qxa4 28.
cxb6 Qe4 29. Kf2 Nc6 30. Qd3 Qa4 31. Ra1 Qb4 32. Rhb1 Qe7 33. Qa3 Qd7 34. Qd6
Qe8 35. Qa3 Bf8 36. Qxa6 Nd4 37. Qa4 Qxa4 38. Rxa4 Bc5 39. Kf1 Nc2 40. b7 Ne3+
41. Ke1 Kf7 42. Ra8 Bb4+ 43. Rxb4 Nc2+ 44. Kd2 1-0

[Event "ENCI Limburg-open C"]
[Site "Maastricht"]
[Date "2009.05.31"]
[Round "5"]
[White "Platje, Albert"]
[Black "Marcoen, Tom"]
[Result "1/2-1/2"]
[WhiteElo "1677"]
[BlackElo "1488"]
[PlyCount "52"]
[EventDate "2009.05.29"]
[EventType "swiss"]
[EventRounds "7"]
[EventCountry "NED"]
[Source "P.Boonen"]
[SourceDate "2010.01.01"]

1. e4 e6 2. d4 d5 3. exd5 exd5 4. Nf3 Bg4 5. Nc3 c6 6. Bd3 Bd6 7. O-O Ne7 8.
Bd2 Qc7 9. h3 Bh5 10. Re1 Nd7 11. Bg5 f6 12. Bh4 g5 13. Bg3 Bxg3 14. fxg3 Qxg3
15. Re3 Qd6 16. Qf1 O-O-O 17. Rae1 Ng6 18. Re6 Qc7 19. Bf5 Bxf3 20. Qxf3 Nh4
21. Qd3 Kb8 22. Bxh7 Rxh7 23. Qxh7 Qg3 24. R1e2 Nf3+ 25. Kf1 Nh2+ 26. Kg1 Nf3+
1/2-1/2

[Event "ENCI Limburg-open C"]
[Site "Maastricht"]
[Date "2009.05.31"]
[Round "5"]
[White "Ramaekers, Philippe"]
[Black "Orbons, Richard"]
[Result "0-1"]
[WhiteElo "1570"]
[BlackElo "1672"]
[PlyCount "56"]
[EventDate "2009.05.29"]
[EventType "swiss"]
[EventRounds "7"]
[EventCountry "NED"]
[Source "P.Boonen"]
[SourceDate "2010.01.01"]

1. Nf3 Nf6 2. g3 g6 3. Bg2 Bg7 4. O-O O-O 5. c4 d6 6. Nc3 Nbd7 7. d4 c6 8. b3
Re8 9. e4 e5 10. Qc2 exd4 11. Nxd4 d5 12. Be3 dxe4 13. Nxe4 Nxe4 14. Bxe4 Nc5
15. Bg2 Bxd4 16. Rad1 Ne6 17. Qd2 Bxe3 18. Qxe3 Qb6 19. Qc3 c5 20. Rfe1 Rd8 21.
Bd5 a5 22. Qf6 Rd6 23. Qe7 Qd8 24. Qxd8+ Rxd8 25. a4 Kf8 26. Rd3 Nd4 27. Re4
Bf5 28. Rf4 Ne2+ 0-1

[Event "ENCI Limburg-open C"]
[Site "Maastricht"]
[Date "2009.05.31"]
[Round "5"]
[White "Rodriguez, Abelardo"]
[Black "Vissers, Yorrick"]
[Result "1-0"]
[WhiteElo "1398"]
[BlackElo "1670"]
[PlyCount "75"]
[EventDate "2009.05.29"]
[EventType "swiss"]
[EventRounds "7"]
[EventCountry "NED"]
[Source "P.Boonen"]
[SourceDate "2010.01.01"]

1. e4 c5 2. d4 cxd4 3. Nf3 d6 4. Nxd4 Nf6 5. Nc3 a6 6. Bc4 e6 7. O-O Nbd7 8.
Re1 b5 9. Bb3 Bb7 10. Bg5 Be7 11. Qf3 Nc5 12. Bxf6 Bxf6 13. Rad1 O-O 14. Qg3 b4
15. Nce2 Nxe4 16. Qg4 Nc5 17. Ng3 g6 18. Re3 Bc8 19. Nf3 Bg7 20. Qf4 d5 21.
Qxb4 Nd7 22. c4 dxc4 23. Bxc4 Qc7 24. Rc1 Rb8 25. Qe1 Bxb2 26. Rc2 Bg7 27. Rxe6
Nb6 28. Re7 Qf4 29. Bb3 Bg4 30. Re4 Qd6 31. Rxg4 Rbd8 32. h3 Rfe8 33. Re4 Rxe4
34. Qxe4 a5 35. Ng5 Rd7 36. Rc6 Qb8 37. Nxf7 Rxf7 38. Rxb6 1-0

[Event "ENCI Limburg-open C"]
[Site "Maastricht"]
[Date "2009.05.31"]
[Round "5"]
[White "Schoffelen, Jan"]
[Black "Visse, Bernard"]
[Result "0-1"]
[WhiteElo "1421"]
[BlackElo "1668"]
[PlyCount "70"]
[EventDate "2009.05.29"]
[EventType "swiss"]
[EventRounds "7"]
[EventCountry "NED"]
[Source "P.Boonen"]
[SourceDate "2010.01.01"]

1. e4 c5 2. f4 a6 3. Nf3 Nc6 4. Bc4 e6 5. c3 b5 6. Bb3 d5 7. e5 d4 8. cxd4 Nxd4
9. Nc3 Bb7 10. O-O Nxf3+ 11. gxf3 Qd4+ 12. Rf2 Qxf4 13. Bc2 Qxe5 14. Be4 Bxe4
15. Nxe4 Nf6 16. Ng3 Be7 17. Re2 Qd4+ 18. Kg2 Rd8 19. Qc2 O-O 20. Rb1 Rd5 21.
b3 Rfd8 22. Bb2 Qh4 23. Bxf6 Bxf6 24. Qe4 Rxd2 25. Qxh4 Bxh4 26. Rxd2 Rxd2+ 27.
Kh3 Bxg3 28. hxg3 Rxa2 29. Rc1 g6 30. Rxc5 Ra3 31. Rc6 Rxb3 32. Rxa6 Rxf3 33.
Kg4 Rc3 34. Rb6 Rc4+ 35. Kf3 b4 0-1

[Event "ENCI Limburg-open C"]
[Site "Maastricht"]
[Date "2009.05.31"]
[Round "5"]
[White "Slangen Knuit, Dien"]
[Black "Ingelaere, Arthur"]
[Result "0-1"]
[WhiteElo "1265"]
[BlackElo "1188"]
[PlyCount "106"]
[EventDate "2009.05.29"]
[EventType "swiss"]
[EventRounds "7"]
[EventCountry "NED"]
[Source "P.Boonen"]
[SourceDate "2010.01.01"]

1. d4 Nf6 2. c4 g6 3. Nc3 Bg7 4. Nf3 d6 5. e4 O-O 6. Bd3 e5 7. O-O Nc6 8. d5
Ne7 9. b3 c6 10. dxc6 Nxc6 11. Nd5 Bg4 12. Bg5 Nd4 13. Be2 Nxe2+ 14. Qxe2 h6
15. Nxf6+ Bxf6 16. Bxh6 Re8 17. Bd2 Rc8 18. Qe3 Bg7 19. h3 Bd7 20. Ng5 Bh6 21.
Qg3 Bxg5 22. Bxg5 f6 23. Be3 Kf7 24. f4 Qe7 25. fxe5 Qxe5 26. Qf3 Re6 27. Qf2
Qxe4 28. Bg5 Qe5 29. h4 Kg7 30. Qxa7 fxg5 31. Qxb7 Qc5+ 32. Kh1 Qc6 33. Qb4 Rf8
34. Rxf8 Kxf8 35. Rf1+ Ke7 36. Qc3 Re2 37. Qg7+ Kd8 38. Qf6+ Kc7 39. Qf3 Qxf3
40. Rxf3 gxh4 41. Rf7 Rxa2 42. Rg7 Rb2 43. Rxg6 Rxb3 44. Rh6 h3 45. g3 Rxg3 46.
Rf6 Rc3 47. Rf4 Rc2 48. Rh4 Kc6 49. Kg1 Kc5 50. Kf1 Rxc4 51. Rxc4+ Kxc4 52. Kg1
Bc6 53. Kh2 Bg2 0-1

[Event "ENCI Limburg-open C"]
[Site "Maastricht"]
[Date "2009.05.31"]
[Round "5"]
[White "Swijsen, Willy"]
[Black "Rahangmetan, Derek Jan"]
[Result "0-1"]
[WhiteElo "1196"]
[BlackElo "1445"]
[PlyCount "100"]
[EventDate "2009.05.29"]
[EventType "swiss"]
[EventRounds "7"]
[EventCountry "NED"]
[Source "P.Boonen"]
[SourceDate "2010.01.01"]

1. d4 d5 2. Nf3 Bf5 3. e3 e6 4. Bd3 Bxd3 5. Qxd3 c6 6. b3 Bd6 7. Bb2 Nf6 8. O-O
Nbd7 9. Nbd2 Qc7 10. h3 O-O-O 11. Rac1 Rdg8 12. c4 g5 13. c5 Be7 14. Ne5 Nxe5
15. dxe5 Nd7 16. Bd4 g4 17. hxg4 Rxg4 18. f3 Rg6 19. Rf2 Bh4 20. Re2 Bg3 21. f4
h5 22. e4 Bxf4 23. exd5 Bxe5 24. d6 Bxd4+ 25. Qxd4 Qd8 26. Rf1 Rf6 27. Ref2
Rxf2 28. Rxf2 Rf8 29. Qg7 f5 30. Rf4 Nxc5 31. Rd4 Nd7 32. Nf3 Qf6 33. Qg5 Ne5
34. Qxf6 Nxf3+ 35. gxf3 Rxf6 36. Rh4 Rh6 37. Rd4 Kd7 38. f4 Rh8 39. Kh2 c5 40.
Rd3 b6 41. a4 Rd8 42. Kh3 Kc6 43. d7 Rxd7 44. Rxd7 Kxd7 45. Kh4 Kd6 46. Kxh5
Kd5 47. Kg5 e5 48. Kxf5 exf4 49. Kxf4 Kd4 50. Kf3 Kc3 0-1

[Event "ENCI Limburg-open C"]
[Site "Maastricht"]
[Date "2009.05.31"]
[Round "5"]
[White "Titgemeyer, Eva Maria"]
[Black "Chotoe, Henry"]
[Result "1/2-1/2"]
[WhiteElo "1055"]
[BlackElo "1416"]
[PlyCount "128"]
[EventDate "2009.05.29"]
[EventType "swiss"]
[EventRounds "7"]
[EventCountry "NED"]
[Source "P.Boonen"]
[SourceDate "2010.01.01"]

1. e4 e5 2. Nf3 Nc6 3. Bc4 Bc5 4. c3 Nf6 5. d4 exd4 6. cxd4 Bb4+ 7. Bd2 Bxd2+
8. Nbxd2 O-O 9. e5 Ne8 10. O-O d6 11. Re1 Bg4 12. Qe2 d5 13. Bb3 Nxd4 14. Qd3
Nxf3+ 15. Nxf3 c6 16. Bc2 g6 17. h3 Be6 18. Qe3 Ng7 19. Qh6 f6 20. Rf1 Qc7 21.
exf6 Rxf6 22. h4 Nf5 23. Bxf5 Bxf5 24. Qg5 Raf8 25. h5 Qg7 26. h6 Qc7 27. a3
Be4 28. Nd2 Qf4 29. Qxf4 Rxf4 30. Nxe4 Rxe4 31. g3 Rfe8 32. Rac1 Re2 33. b4 a6
34. Rfd1 Ra2 35. Ra1 Rxa1 36. Rxa1 Rd8 37. Kf1 Kf7 38. Ke2 Kf6 39. Rd1 Rd7 40.
Ke3 Kf7 41. f3 g5 42. f4 Kf6 43. Kd4 b6 44. a4 Re7 45. a5 Re4+ 46. Kc3 bxa5 47.
bxa5 Rc4+ 48. Kd3 gxf4 49. gxf4 Kf5 50. Ke3 Rxf4 51. Rc1 Rc4 52. Rxc4 dxc4 53.
Kd4 Kg6 54. Kxc4 Kxh6 55. Kc5 Kg5 56. Kb6 h5 57. Kxa6 h4 58. Kb6 h3 59. a6 h2
60. a7 h1=Q 61. a8=Q Qb1+ 62. Kc7 Qh7+ 63. Kb6 Qb1+ 64. Kc7 Qh7+ 1/2-1/2

[Event "ENCI Limburg-open C"]
[Site "Maastricht"]
[Date "2009.05.31"]
[Round "5"]
[White "Tuerlinckx, Ben"]
[Black "Arns, Danny"]
[Result "1-0"]
[WhiteElo "1628"]
[BlackElo "1438"]
[PlyCount "73"]
[EventDate "2009.05.29"]
[EventType "swiss"]
[EventRounds "7"]
[EventCountry "NED"]
[Source "P.Boonen"]
[SourceDate "2010.01.01"]

1. d4 Nf6 2. Bg5 g6 3. Bxf6 exf6 4. g3 Bg7 5. Bg2 d5 6. Nf3 Bg4 7. O-O O-O 8.
h3 Bf5 9. c4 Be4 10. Nc3 Re8 11. Qb3 dxc4 12. Qxc4 c6 13. Nxe4 Rxe4 14. Ne5
fxe5 15. Bxe4 Qxd4 16. Qb3 Qb6 17. Qc2 Nd7 18. Rac1 Nf6 19. Bg2 Rd8 20. Rfd1
Bf8 21. Rxd8 Qxd8 22. Rd1 Qc7 23. e3 Be7 24. Kh2 a6 25. Qc3 h6 26. a3 Kg7 27.
f4 exf4 28. exf4 Kg8 29. Qe5 Qxe5 30. fxe5 Nd5 31. Bxd5 cxd5 32. Rxd5 b6 33.
Kg2 Kf8 34. Kf3 Ke8 35. Ke4 Bc5 36. Rxc5 bxc5 37. Kd5 1-0

[Event "ENCI Limburg-open C"]
[Site "Maastricht"]
[Date "2009.05.31"]
[Round "5"]
[White "Uiterwijk, Jos"]
[Black "Boer, Jan"]
[Result "1/2-1/2"]
[WhiteElo "1681"]
[BlackElo "1663"]
[PlyCount "67"]
[EventDate "2009.05.29"]
[EventType "swiss"]
[EventRounds "7"]
[EventCountry "NED"]
[Source "P.Boonen"]
[SourceDate "2010.01.01"]

1. e4 c5 2. Nf3 Nc6 3. d4 cxd4 4. Nxd4 Nf6 5. Nc3 e6 6. Nxc6 bxc6 7. Bd3 d5 8.
exd5 exd5 9. O-O Be7 10. Re1 O-O 11. Ne2 Bd6 12. Ng3 Bg4 13. Be2 Re8 14. Bxg4
Rxe1+ 15. Qxe1 Nxg4 16. Nf1 Qd7 17. h3 Re8 18. Qd2 Ne5 19. b3 Bc5 20. Bb2 d4
21. Qf4 Ng6 22. Qg5 Re5 23. Qd2 Rd5 24. Re1 Ne5 25. Qf4 Bd6 26. Qd2 h6 27. Qe2
d3 28. cxd3 Nxd3 29. Qe8+ Qxe8 30. Rxe8+ Kh7 31. Re2 Nxb2 32. Rxb2 Rd1 33. Rd2
Rxd2 34. Nxd2 1/2-1/2

[Event "ENCI Limburg-open C"]
[Site "Maastricht"]
[Date "2009.05.31"]
[Round "5"]
[White "Van Steenwinckel, Hugo"]
[Black "Koehorst, Andre"]
[Result "1-0"]
[WhiteElo "1658"]
[BlackElo "1682"]
[PlyCount "87"]
[EventDate "2009.05.29"]
[EventType "swiss"]
[EventRounds "7"]
[EventCountry "NED"]
[Source "P.Boonen"]
[SourceDate "2010.01.01"]

1. e4 c5 2. Nc3 Nc6 3. f4 d5 4. Nxd5 Nf6 5. Nc3 a6 6. a4 Bg4 7. Nf3 Bxf3 8.
Qxf3 Nd4 9. Qd1 e6 10. Bc4 h5 11. O-O Nxc2 12. Qxc2 Qd4+ 13. Kh1 Qxc4 14. d3
Qd4 15. Rf3 Rd8 16. b3 Ng4 17. h3 Nf6 18. Bb2 Qd7 19. Re1 Be7 20. f5 e5 21. Nd5
Nxd5 22. exd5 f6 23. Rg3 Qxd5 24. Ree3 Rg8 25. Rg6 Rd6 26. Qd1 Kd8 27. Bc3 Rc6
28. Ba5+ b6 29. Be1 Rd6 30. a5 b5 31. Bc3 b4 32. Be1 Qc6 33. Qxh5 Bf8 34. Qd1
Qb5 35. Qc2 Qd7 36. Qc4 Qxf5 37. Qxg8 Qf1+ 38. Kh2 Qf4+ 39. Bg3 Qxe3 40. Qxf8+
Kc7 41. Rxg7+ Kc6 42. Qa8+ Kb5 43. Qb8+ Kc6 44. Qb7# 1-0

[Event "ENCI Limburg-open C"]
[Site "Maastricht"]
[Date "2009.05.31"]
[Round "5"]
[White "Van den Bosch, Arno"]
[Black "Bokern, Paul"]
[Result "0-1"]
[WhiteElo "976"]
[BlackElo "1358"]
[PlyCount "90"]
[EventDate "2009.05.29"]
[EventType "swiss"]
[EventRounds "7"]
[EventCountry "NED"]
[Source "P.Boonen"]
[SourceDate "2010.01.01"]

1. e4 e6 2. Nf3 d5 3. exd5 exd5 4. d4 Bd6 5. c4 Nf6 6. Nc3 c6 7. Bd3 Bg4 8.
Qe2+ Qe7 9. Qxe7+ Kxe7 10. Bg5 Re8 11. O-O-O Nbd7 12. cxd5 h6 13. dxc6 bxc6 14.
Bxf6+ Nxf6 15. Rde1+ Kf8 16. Ne4 Bf4+ 17. Kb1 Nd5 18. Nc5 Bxf3 19. gxf3 Rxe1+
20. Rxe1 Bxh2 21. Be4 Bd6 22. Nd7+ Kg8 23. Kc2 Rd8 24. Nc5 Bxc5 25. dxc5 Kf8
26. Kb3 Rb8+ 27. Kc4 Rb4+ 28. Kd3 Ne7 29. b3 f5 30. Kc3 Rb5 31. Bd3 Rxc5+ 32.
Kb4 Rd5 33. Bc4 Rd2 34. a4 Nd5+ 35. Kc5 Ne7 36. Kb4 Nd5+ 37. Ka5 Nb6 38. Rc1
Ke7 39. Ka6 Rd7 40. Re1+ Kd6 41. Rd1+ Kc7 42. Rxd7+ Kxd7 43. Kxa7 Nxc4 44. bxc4
Kc7 45. Ka6 h5 0-1